| Tag |
First Indicator |
Second Indicator |
Subfields |
| LEADER |
00000pam a2200000 a 4500 |
| 001 |
in00000097179 |
| 005 |
20150924085100.0 |
| 008 |
720918s1973 nyu b 00010 engm |
| 010 |
|
|
|a 72008806
|
| 020 |
|
|
|a 0070642451
|
| 035 |
|
|
|a (OCoLC)00427545
|
| 035 |
|
|
|9 AAK9056AM
|
| 040 |
|
|
|a DLC
|c DLC
|d TXA
|d UtOrBLW
|
| 049 |
|
|
|a TXAM
|c [1673742]
|
| 050 |
0 |
0 |
|a LC191
|b T52
|
| 082 |
0 |
|
|a 370.19/3
|
| 100 |
1 |
|
|a Thomas, Don R.
|
| 245 |
1 |
4 |
|a The schools next time :
|b explorations in educational sociology /
|c Donald R. Thomas.
|
| 264 |
|
1 |
|a New York :
|b McGraw-Hill,
|c [1973]
|
| 264 |
|
4 |
|c ©1973
|
| 300 |
|
|
|a x, 225 pages ;
|c 21 cm.
|
| 336 |
|
|
|a text
|b txt
|2 rdacontent
|
| 337 |
|
|
|a unmediated
|b n
|2 rdamedia
|
| 338 |
|
|
|a volume
|b nc
|2 rdacarrier
|
| 504 |
|
|
|a Bibliography: pages 220-225.
|
| 650 |
|
0 |
|a Educational sociology.
|
| 999 |
|
|
|a MARS
|
| 999 |
f |
f |
|s af8b078d-ecfd-3c76-b884-86a181bdc237
|i ea7a6e37-ee32-3d3b-a285-31dd20d4e417
|t 0
|
| 952 |
f |
f |
|p normal
|a Texas A&M University
|b College Station
|c Sterling C. Evans Library
|d Evans: Library Stacks
|t 0
|e LC191 T52
|h Library of Congress classification
|i unmediated -- volume
|m A14806035482
|
| 998 |
f |
f |
|a LC191 T52
|t 0
|l Evans: Library Stacks
|